000 011010000a22002890004500
003 EG-GICUC
005 20250223030052.0
008 090924s1997 ua d f m 000 0 eng d
040 _aEG-GiCUC
_beng
_cEG-GiCUC
041 0 _aeng
049 _aDeposite
097 _aPh.D
099 _aCai01.11.07.Ph.D.1997.Ma.C
100 0 _aMaged mansour Assaad
245 1 0 _aCytokines in end stage renal diseases /
_cMaged mansour Assaad ; Supervised Elhussain Elghonaimy , Azza Ahmad Mohamed , Mervat Elansary
246 1 5 _aالافرازات الخلوية فى مرضى الفشل الكلوى المزمن
260 _aCairo :
_bMaged mansour Assaad ,
_c1997
300 _a300 Leaves :
_bcharts ;
_c30cm
502 _aThesis(Ph.D.) - Cairo University - Faculty of Medicine - Department of Clinical and Chemical Pathology
700 0 _aAzza Ahmad Mohamed ,
_eSupervisor
700 0 _aElhussain Elghonaimy ,
_eSupervisor
700 0 _aMervat Elansary ,
_eSupervisor
856 _uhttp://172.23.153.220/th.pdf
905 _aGihan
_eCataloger
905 _aNazla
_eRevisor
942 _2ddc
_cTH
999 _c26804
_d26804